Lokálny demografický vývoj na Slovensku: percepcia, spoločenské implikácie a interdisciplinárne výzvy

Demografický vývoj na Slovensku je pomerne detailne zmapovaný. Základné empirické zistenia z pohľadu štatistických dát. Ideový prístup a metodika kvalitatívneho prieskumu. Štruktúra dotazníka. Základné výsledky a snaha ich interpretácie. Výskumné, spoločenské a metavedecké implikácie.

Enregistré dans:
Détails bibliographiques
Auteur principal: Bleha, Branislav
Format: Chapitre de livre
Langue:slovaque
Sujets:
Tags: Ajouter un tag
Pas de tags, Soyez le premier à ajouter un tag!

MARC

LEADER 00000naa a2200000 4500
001 0136268
005 20231208093359.0
041 0 |a slo 
044 |a SK 
245 1 0 |a Lokálny demografický vývoj na Slovensku: percepcia, spoločenské implikácie a interdisciplinárne výzvy  |c Branislav Bleha 
520 |a Demografický vývoj na Slovensku je pomerne detailne zmapovaný. Základné empirické zistenia z pohľadu štatistických dát. Ideový prístup a metodika kvalitatívneho prieskumu. Štruktúra dotazníka. Základné výsledky a snaha ich interpretácie. Výskumné, spoločenské a metavedecké implikácie. 
610 2 0 |a demografia 
610 2 0 |a populácia 
610 2 0 |a vek 
610 2 0 |a údaje štatistické 
610 2 0 |a prieskum štatistický 
610 2 0 |a Slovensko 
100 1 |a Bleha, Branislav